000 00380nam a22001577a 4500
005 20200529110235.0
008 200529b xxu||||| |||| 00| 0 eng d
041 _aeng
082 _a340
100 _aBARE ACT
_95744
245 _aTHE IMMORAL TRAFFIC ACT,1956 (104-1956)
260 _aDELHI
_bPROFESSIONAL BOOK PUBLISHERS
300 _a24;p
650 _aLAW
_95701
942 _cBK
999 _c6605
_d6603